| 000 | 00568nam a2200205 a 4500 | ||
|---|---|---|---|
| 001 | BRCA_6718 | ||
| 005 | 20190321142927.0 | ||
| 008 | 191011s1909----gw-#######---#000-0#ger-# | ||
| 041 | _ager | ||
| 044 | _agw | ||
| 050 | 4 | _b.H38 1909 | |
| 100 | 1 |
_aHauff, Wilhelm _d1802-1827 _916780 |
|
| 245 | 1 | 0 |
_aMitteilungen aus den Memoiren des Satans _cvon Wilhelm Hauff. |
| 260 |
_aBerlín _bBuchverlag fürs Deutsche haus _c1909 |
||
| 300 |
_a303 p. _bil. _c18 cm. |
||
| 440 | 0 |
_aDie Bucher des Deutschen Hauses _v75 _916781 |
|
| 500 | _aL38 | ||
| 902 | _aGFM | ||
| 942 |
_2lcc _cB |
||
| 999 |
_c6401 _d6401 |
||